The underground waters of southwestern Ohio / (Record no. 25238)

MARC details
000 -LEADER
fixed length control field 01671cam a22003131 4500
001 - CONTROL NUMBER
control field gs 13000115
003 - CONTROL NUMBER IDENTIFIER
control field DLC
005 - DATE AND TIME OF LATEST TRANSACTION
control field 20260227111314.0
008 - FIXED-LENGTH DATA ELEMENTS--GENERAL INFORMATION
fixed length control field 770321s1912 dcuabf b f001 0 eng c
010 ## - LIBRARY OF CONGRESS CONTROL NUMBER
LC control number gs 13000115
035 ## - SYSTEM CONTROL NUMBER
System control number (OCoLC)2823459
040 ## - CATALOGING SOURCE
Original cataloging agency U. S. Geol. survey. Library
Transcribing agency ODa
Modifying agency OCoLC
-- DLC
042 ## - AUTHENTICATION CODE
Authentication code premarc
050 00 - LIBRARY OF CONGRESS CALL NUMBER
Classification number TC801
Item number .U2 no. 259
051 ## - LIBRARY OF CONGRESS COPY, ISSUE, OFFPRINT STATEMENT
Classification number GB1025.O3
Item number F8
100 1# - MAIN ENTRY--PERSONAL NAME
Personal name Fuller, Myron L.
245 14 - TITLE STATEMENT
Title The underground waters of southwestern Ohio /
Statement of responsibility, etc. by M. L. Fuller and F. G. Clapp ; with a discussion of the chemical character of the waters by R. B. Dole.
260 ## - PUBLICATION, DISTRIBUTION, ETC.
Place of publication, distribution, etc. Washington :
Name of publisher, distributor, etc. Govt. print. off.,
Date of publication, distribution, etc. 1912.
300 ## - PHYSICAL DESCRIPTION
Extent 228 p., [6] leaves of plates :
Other physical details ill., fold. maps, diagrs. ;
Dimensions 24 cm.
440 #0 - SERIES STATEMENT/ADDED ENTRY--TITLE
Title Geological Survey water-supply paper ;
Volume/sequential designation 259
500 ## - GENERAL NOTE
General note Includes index.
501 ## - WITH NOTE
With note TC801.U2 no. 259 with: Preliminary report on the ground waters of Estancia Valley, New Mexico / by Oscar E. Meinzer -- Surface water supply of the United States, 1909. Part I, North Atlantic Coast / by H.K. Barrows, C.C. Covert and R.H. Bolster -- Surface water supply of the United States, 1909. Part II, South Atlantic Coast and eastern Gulf of Mexico / by M.R. Hall and R.H. Bolster. Washington : Govt. print. off., 1910-1911. Bound together subsequent to publication.
Institution to which field applies DLC
504 ## - BIBLIOGRAPHY, ETC. NOTE
Bibliography, etc. note Bibliography: p. 16-17.
530 ## - ADDITIONAL PHYSICAL FORM AVAILABLE NOTE
Additional physical form available note Also available in digital form on the Internet Archive Web site.
650 #0 - SUBJECT ADDED ENTRY--TOPICAL TERM
Topical term or geographic name entry element Groundwater
Geographic subdivision Ohio.
700 1# - ADDED ENTRY--PERSONAL NAME
Personal name Clapp, Frederick G.
Fuller form of name (Frederick Gardner),
Dates associated with a name 1879-1944.
700 1# - ADDED ENTRY--PERSONAL NAME
Personal name Dole, Richard B.
Fuller form of name (Richard Bryant),
Dates associated with a name 1880-1917.
856 41 - ELECTRONIC LOCATION AND ACCESS
Uniform Resource Identifier <a href="http://hdl.loc.gov/loc.gdc/scd0001.00199536539">http://hdl.loc.gov/loc.gdc/scd0001.00199536539</a>

No items available.

Powered by Koha